[Event "Prebor mesta Vsetina 2018"]
[Site "?"]
[Date "2018.07.06"]
[Round "3.21"]
[White "Matus, Filip"]
[Black "Vraj, Karel"]
[Result "1/2-1/2"]
[WhiteElo "1766"]
[BlackElo "1942"]
[PlyCount "110"]

1.e4 b6 2.d4 Bb7 3.Nc3 d6 4.Nf3 Nd7 5.Bc4 e6 6.O-O Ngf6 7.Re1 Be7 8.h3 O-O 9.
e5 Nd5 10.Bxd5 exd5 11.Bf4 dxe5 12.Nxe5 Nf6 13.Qd3 c5 14.Rad1 cxd4 15.Qxd4 Bc5
16.Qd3 d4 17.Ne2 Be4 18.Qd2 Qd5 19.Bg3 Nh5 20.Nd3 Qc6 21.f3 Nxg3 22.Nxg3 Bg6
23.Kh1 Bd6 24.Ne4 Bb8 25.Qf2 Bc7 26.Qxd4 Rad8 27.Qf2 Rfe8 28.Nc3 Qd6 29.f4
Bxd3 30.Rxd3 Qxf4 31.Rxe8+ Rxe8 32.Qxf4 Bxf4 33.g3 Bg5 34.Kg2 g6 35.Kf2 Rc8
36.Kf3 Bc1 37.b3 Bb2 38.Na4 Rxc2 39.Nxb2 Rxb2 40.a4 Rc2 41.Kf4 Rf2+ 42.Ke5 Kg7
43.Rc3 Rd2 44.h4 h5 45.Ke4 Re2+ 46.Kf3 Rb2 47.Ke4 Rd2 48.Rc7 Rb2 49.Rc3 Rd2
50.Rc7 a6 51.Rc6 Re2+ 52.Kf3 Re6 53.Rc3 f6 54.Kf4 Kh6 55.Rd3 Kg7 1/2-1/2

[Event "Prebor mesta Vsetina 2018"]
[Site "?"]
[Date "2018.07.06"]
[Round "4.1"]
[White "Havelka, Ondrej"]
[Black "Sosna, Jan"]
[Result "1/2-1/2"]
[WhiteElo "2124"]
[BlackElo "2349"]
[PlyCount "34"]

1.d4 d5 2.c4 e6 3.Nc3 c6 4.Nf3 dxc4 5.a4 Bb4 6.e3 b5 7.Bd2 a5 8.axb5 Bxc3 9.
Bxc3 cxb5 10.b3 Bb7 11.bxc4 b4 12.Bb2 Nf6 13.Bd3 O-O 14.O-O Nbd7 15.Nd2 Qc7
16.f4 a4 17.Rb1 Rfd8 1/2-1/2

[Event "Prebor mesta Vsetina 2018"]
[Site "?"]
[Date "2018.07.06"]
[Round "4.2"]
[White "Jasny, Stanislav"]
[Black "Mica, Marek"]
[Result "1-0"]
[WhiteElo "2383"]
[BlackElo "2180"]
[PlyCount "83"]

1.Nf3 Nf6 2.c4 e6 3.g3 b6 4.Bg2 Bb7 5.O-O Be7 6.Nc3 O-O 7.Re1 d6 8.e4 Nbd7 9.
d4 e5 10.b3 Re8 11.Bb2 Bf8 12.d5 g6 13.b4 a5 14.a3 Nh5 15.Nd2 Ng7 16.Qc2 f5
17.exf5 gxf5 18.Nb5 Qc8 19.Nf1 c6 20.dxc6 Bxc6 21.Bxc6 Qxc6 22.Ne3 Rec8 23.
Rac1 axb4 24.axb4 Qf3 25.Qd1 Qxd1 26.Rexd1 Rc6 27.f4 Ra2 28.Rc2 exf4 29.gxf4
Ne6 30.Nc3 Ra8 31.Ncd5 Kf7 32.Nxf5 b5 33.Rdc1 Rac8 34.Nfe3 bxc4 35.Rxc4 Rxc4
36.Nxc4 Rb8 37.Ra1 Rb5 38.Nce3 Bh6 39.Bc3 Bxf4 40.Nxf4 Nxf4 41.Rf1 Rg5+ 42.Kh1
1-0

[Event "Prebor mesta Vsetina 2018"]
[Site "?"]
[Date "2018.07.06"]
[Round "4.3"]
[White "Vojta, Tomas"]
[Black "Koziol, Kamil"]
[Result "1/2-1/2"]
[WhiteElo "2350"]
[BlackElo "2257"]
[PlyCount "125"]

1.e4 c5 2.f4 d5 3.Nc3 d4 4.Nce2 Nc6 5.d3 g6 6.g3 Bg7 7.Bg2 e5 8.Nf3 exf4 9.
Nxf4 Nge7 10.O-O O-O 11.Bd2 Rb8 12.h3 Ne5 13.Nxe5 Bxe5 14.Qf3 b5 15.Rae1 b4
16.Nd5 f6 17.Bh6 Rf7 18.Re2 Be6 19.Nf4 Bxf4 20.gxf4 f5 21.Bg5 Qd7 22.Rfe1 Re8
23.b3 Kg7 24.Qg3 h6 25.Bh4 fxe4 26.dxe4 Kh7 27.Kh2 Qd6 28.f5 Qxg3+ 29.Bxg3 Bd7
30.Bd6 Bb5 31.Rf2 Nxf5 32.Bxc5 Rc7 33.Bxb4 Ne3 34.c4 Bc6 35.Bd6 Rd7 36.c5 Kg7
37.Rd2 Nxg2 38.Rxg2 Rxe4 39.Rxe4 Bxe4 40.Rg4 Bc6 41.Rxd4 Kf6 42.Kg3 Ke6 43.Rd2
a6 44.Re2+ Kf6 45.Rf2+ Ke6 46.Re2+ Kf6 47.Re3 Rb7 48.Be5+ Kf7 49.a3 Bd5 50.b4
Bc6 51.Bd6 a5 52.bxa5 Ra7 53.Rb3 Rxa5 54.Kf2 Ke6 55.Ke3 Ra4 56.Kd2 Rd4+ 57.Rd3
Rxd3+ 58.Kxd3 Kd5 59.Bf8 Bd7 60.h4 g5 61.h5 Be8 62.Kc3 Bxh5 63.Bxh6 1/2-1/2

[Event "Prebor mesta Vsetina 2018"]
[Site "?"]
[Date "2018.07.06"]
[Round "4.5"]
[White "Kapusta, Petr"]
[Black "Engert, Marvin"]
[Result "1-0"]
[WhiteElo "2179"]
[BlackElo "2005"]
[PlyCount "95"]

1.e4 c5 2.Nf3 Nc6 3.d4 cxd4 4.Nxd4 Nf6 5.Nc3 e5 6.Ndb5 d6 7.Bg5 a6 8.Na3 b5 9.
Bxf6 gxf6 10.Nd5 Bg7 11.c3 f5 12.exf5 Bxf5 13.Nc2 O-O 14.Nce3 Be6 15.Bd3 f5
16.O-O Ra7 17.Qh5 e4 18.Bc2 Ne5 19.Nf4 Bc4 20.Rfd1 Qd7 21.a4 Ng4 22.Nxg4 fxg4
23.g3 Bf7 24.Qg5 h6 25.Qh4 Re8 26.Nd5 Qf5 27.Ne3 Qg5 28.Qxg5 hxg5 29.axb5 a5
30.Rxd6 Be5 31.Ra6 Rd7 32.R6xa5 Rd2 33.b6 Bg6 34.b7 Bb8 35.Rd1 Rxd1+ 36.Bxd1
Re7 37.Bb3+ Kf8 38.Bd5 Rd7 39.Ra8 Rd8 40.c4 Ke7 41.c5 Kd7 42.b4 Bh7 43.b5 Bg8
44.Bxg8 Rxg8 45.Nd5 Rf8 46.c6+ Ke6 47.c7 Kxd5 48.cxb8=Q 1-0

[Event "Prebor mesta Vsetina 2018"]
[Site "?"]
[Date "2018.07.06"]
[Round "4.6"]
[White "Mulenko, Alexander"]
[Black "Mostek, Jan"]
[Result "1/2-1/2"]
[WhiteElo "2109"]
[BlackElo "1810"]
[PlyCount "49"]

1.Nf3 Nf6 2.c4 g6 3.g3 Bg7 4.Bg2 d5 5.cxd5 Nxd5 6.d4 O-O 7.O-O Nb6 8.Nc3 Nc6
9.e3 Bg4 10.h3 Bxf3 11.Qxf3 e6 12.Rd1 Qf6 13.Ne4 Qxf3 14.Bxf3 Nd5 15.Nc5 b6
16.Na6 Rac8 17.Bd2 Nb8 18.Nxb8 Rxb8 19.Rac1 c5 20.dxc5 bxc5 21.b3 Nb4 22.Rxc5
Nxa2 23.Ra5 Nc3 24.Bxc3 Bxc3 25.Rxa7 1/2-1/2

[Event "Prebor mesta Vsetina 2018"]
[Site "?"]
[Date "2018.07.06"]
[Round "4.7"]
[White "Frank, Adam"]
[Black "Pycha, Patrik"]
[Result "1-0"]
[WhiteElo "1984"]
[BlackElo "2097"]
[PlyCount "145"]

1.e4 e6 2.d4 d5 3.Nd2 Nf6 4.Bd3 c5 5.c3 Nc6 6.e5 Nd7 7.Ne2 cxd4 8.cxd4 f6 9.
exf6 Nxf6 10.O-O Bd6 11.Nf3 Qc7 12.g3 O-O 13.Bf4 Ng4 14.Qd2 e5 15.dxe5 Ngxe5
16.Nxe5 Nxe5 17.Kg2 Bg4 18.Nd4 Qd7 19.Bb5 Bh3+ 20.Kg1 Qf7 21.Rfe1 Nc4 22.Bxc4
Bxf4 23.Qxf4 dxc4 24.Qxf7+ Rxf7 25.Rac1 b5 26.Nxb5 Rb7 27.a4 a6 28.Nd6 Rxb2
29.Rxc4 Rf8 30.Ne4 Rfb8 31.Ng5 Bf5 32.Rc5 Bd3 33.Rc7 Rb1 34.Rxb1 Rxb1+ 35.Kg2
g6 36.Nxh7 Rb4 37.Nf6+ Kf8 38.Ra7 Rxa4 39.Nd7+ Kg8 40.Nc5 Ra3 41.Nxd3 Rxd3 42.
Rxa6 Kg7 43.h4 Rd5 44.f4 Rf5 45.Kf3 Rh5 46.Kg4 Kf7 47.Ra1 Kf6 48.Re1 Ra5 49.
Re5 Ra3 50.h5 gxh5+ 51.Rxh5 Kg6 52.f5+ Kg7 53.Rg5+ Kf6 54.Rg6+ Kf7 55.Kh5 Rf3
56.g4 Rh3+ 57.Kg5 Ra3 58.Rb6 Ra7 59.Rh6 Kg7 60.f6+ Kg8 61.Kg6 Rg7+ 62.Kf5 Ra7
63.g5 Ra5+ 64.Kg6 Ra6 65.Rh7 Rb6 66.Ra7 Rb8 67.Rg7+ Kf8 68.Kh7 Rb1 69.Ra7 Rh1+
70.Kg6 Re1 71.Ra8+ Re8 72.Rxe8+ Kxe8 73.Kg7 1-0

[Event "Prebor mesta Vsetina 2018"]
[Site "?"]
[Date "2018.07.06"]
[Round "4.8"]
[White "Zvolensky, David"]
[Black "Kovarik, Matyas"]
[Result "1/2-1/2"]
[WhiteElo "2040"]
[BlackElo "1860"]
[PlyCount "175"]

1.d4 Nf6 2.Nf3 g6 3.g3 Bg7 4.Bg2 O-O 5.O-O d5 6.c4 dxc4 7.Nc3 c6 8.Ne5 Be6 9.
e4 Nbd7 10.Nf3 Bg4 11.h3 Bxf3 12.Bxf3 e5 13.Be3 Qe7 14.d5 cxd5 15.Nxd5 Nxd5
16.Qxd5 Nb6 17.Qb5 Qd7 18.Qxd7 Nxd7 19.Rfd1 Rfd8 20.Be2 Nb6 21.a4 Rxd1+ 22.
Bxd1 c3 23.bxc3 Nc4 24.Bc1 Rd8 25.Bg5 Rd6 26.Bb3 Nd2 27.Bxd2 Rxd2 28.Rb1 Bf8
29.Bd5 b6 30.c4 Bc5 31.Rf1 Kf8 32.g4 Ra2 33.Bc6 Rc2 34.Bd5 Ke7 35.Kg2 Ra2 36.
Bc6 Kd6 37.Bb5 Bd4 38.g5 Ke6 39.Kg3 f5 40.gxf6 Kxf6 41.f4 exf4+ 42.Rxf4+ Ke6
43.Rf8 Ra3+ 44.Kg2 Ra2+ 45.Kf1 Ra1+ 46.Ke2 Ra2+ 47.Kf1 Ra1+ 48.Kg2 Ra2+ 49.Kf1
Ra1+ 50.Ke2 Ra2+ 51.Kd1 Ra1+ 52.Kc2 Ra2+ 53.Kd3 Bc5 54.Re8+ Be7 55.Ra8 Ra3+
56.Ke2 Rxh3 57.Rxa7 Rh2+ 58.Kf3 h5 59.Rc7 Bc5 60.Rc6+ Ke5 61.a5 Rf2+ 62.Kg3
Rf6 63.Rxf6 Kxf6 64.a6 Bd6+ 65.Kh3 Bb8 66.Kh4 Ba7 67.Be8 Bb8 68.Bb5 Ba7 69.Be8
Bb8 70.e5+ Kxe5 71.Bxg6 Kd6 72.Be8 Kc7 73.Kxh5 Ba7 74.Kg6 Bb8 75.Kf5 Ba7 76.
Ke6 Bb8 77.Kd5 Ba7 78.Kd4 Bb8 79.Kc3 Ba7 80.Kb4 Bb8 81.Kb5 Ba7 82.Bc6 Bb8 83.
Bd7 Ba7 84.Bh3 Bb8 85.c5 bxc5 86.Kxc5 Ba7+ 87.Kb5 Bb8 88.a7 1/2-1/2

[Event "Prebor mesta Vsetina 2018"]
[Site "?"]
[Date "2018.07.06"]
[Round "4.9"]
[White "Kersten, Julian"]
[Black "Weinzettl, Ernst"]
[Result "1/2-1/2"]
[WhiteElo "1979"]
[BlackElo "2213"]
[PlyCount "21"]

1.f4 Nf6 2.Nf3 c5 3.e3 Nc6 4.b3 g6 5.Bb2 Bg7 6.Be2 O-O 7.O-O d6 8.a4 e5 9.fxe5
Ng4 10.Na3 Ngxe5 11.Qc1 1/2-1/2

[Event "Prebor mesta Vsetina 2018"]
[Site "?"]
[Date "2018.07.06"]
[Round "4.10"]
[White "Laurincova, Kristyna"]
[Black "Bosak, Jan"]
[Result "1-0"]
[WhiteElo "1944"]
[BlackElo "2119"]
[PlyCount "87"]

1.e4 e6 2.d4 d5 3.Nd2 Nf6 4.e5 Nfd7 5.Bd3 c5 6.c3 Nc6 7.Ne2 f6 8.exf6 Nxf6 9.
O-O e5 10.dxe5 Nxe5 11.Bb5+ Bd7 12.Bxd7+ Qxd7 13.Nf4 Bd6 14.Nb3 c4 15.Nd4 O-O
16.h3 Rae8 17.Be3 Bb8 18.a4 a6 19.Nc2 Nc6 20.Qd2 g5 21.Ne2 Qd6 22.Ng3 Ne4 23.
Qd1 h6 24.Qh5 Kh7 25.Rad1 Nf6 26.Qf3 Ne4 27.Qh5 Ne5 28.Nb4 Nf6 29.Qe2 a5 30.
Nc2 Nd3 31.Nd4 Ne4 32.Qh5 Qg6 33.Qxg6+ Kxg6 34.Nxe4 dxe4 35.b3 Rc8 36.Rb1 Rf7
37.f3 Nc5 38.fxe4 Re7 39.Nf5 Rxe4 40.bxc4 Nxa4 41.Rxb7 Be5 42.Ne7+ Kh5 43.g4+
Kh4 44.Kg2 1-0

[Event "Prebor mesta Vsetina 2018"]
[Site "?"]
[Date "2018.07.06"]
[Round "4.11"]
[White "Jin, Yueheng"]
[Black "Zadrapa, Radek"]
[Result "1/2-1/2"]
[WhiteElo "1713"]
[BlackElo "2054"]
[PlyCount "105"]

1.d4 Nf6 2.c4 g6 3.b3 Bg7 4.Bb2 c6 5.Nf3 O-O 6.Nbd2 d5 7.e3 Nbd7 8.Be2 b6 9.
O-O Bb7 10.Ne5 Rc8 11.f4 e6 12.Bf3 c5 13.Rc1 Qe7 14.Qe2 Rfd8 15.Rfd1 Ne4 16.g3
f5 17.Qg2 Nxe5 18.dxe5 Ba6 19.Nxe4 dxe4 20.Be2 Rxd1+ 21.Rxd1 Rd8 22.Qf1 Bb7
23.Qe1 Bc6 24.Rd2 Bf8 25.Qd1 Rxd2 26.Qxd2 Qd7 27.Qxd7 Bxd7 28.g4 h6 29.Bc3 Be7
30.Be1 g5 31.gxf5 exf5 32.Bh5 Kg7 33.Kf1 a6 34.Ke2 b5 35.cxb5 Bxb5+ 36.Kd2 c4
37.bxc4 Bxc4 38.Be2 Bxe2 39.Kxe2 Kf7 40.Ba5 Ke6 41.a4 Kd5 42.Bb6 g4 43.a5 h5
44.Kf2 h4 45.h3 g3+ 46.Ke2 Kc6 47.Kf1 Kb5 48.Ke2 Kc6 49.Ke1 Kd5 50.Ke2 Kc4 51.
Bc7 Kd5 52.Bb6 Kc4 53.Bc7 1/2-1/2

[Event "Prebor mesta Vsetina 2018"]
[Site "?"]
[Date "2018.07.06"]
[Round "4.13"]
[White "Hiebert, Kenji"]
[Black "Gnojek, Petr"]
[Result "0-1"]
[WhiteElo "1969"]
[BlackElo "1962"]
[PlyCount "32"]

1.e4 c5 2.Nf3 e6 3.b3 Nf6 4.e5 Nd5 5.c4 Ne7 6.d4 cxd4 7.Nxd4 Qa5+ 8.Qd2 Qxe5+
9.Be2 Nec6 10.Nb5 Qxa1 11.N5c3 Bb4 12.O-O Qxb1 13.Bd3 Bxc3 14.Qxc3 Qxa2 15.
Qxg7 Rf8 16.Bh6 Qa3 0-1

[Event "Prebor mesta Vsetina 2018"]
[Site "?"]
[Date "2018.07.06"]
[Round "4.14"]
[White "Horak, Martin"]
[Black "Travnicek, Krystof Mikulas"]
[Result "1-0"]
[WhiteElo "2284"]
[BlackElo "1844"]
[PlyCount "53"]

1.e4 c5 2.Nf3 d6 3.d4 cxd4 4.Nxd4 Nf6 5.Nc3 Nc6 6.Bg5 e6 7.Qd2 Be7 8.O-O-O O-O
9.Kb1 Nxd4 10.Qxd4 Qa5 11.f4 h6 12.Bh4 e5 13.Qf2 Ng4 14.Qe1 Bxh4 15.Qxh4 exf4
16.Rxd6 Qc5 17.Rd2 Qe3 18.Re2 Qc5 19.h3 g5 20.Qe1 Ne3 21.g3 Nxf1 22.gxf4 Be6
23.fxg5 hxg5 24.Rxf1 Bxh3 25.Rh1 Be6 26.Qg3 Kg7 27.e5 1-0

[Event "Prebor mesta Vsetina 2018"]
[Site "?"]
[Date "2018.07.06"]
[Round "4.15"]
[White "Zgarba, Radek"]
[Black "Vojta, Jakub"]
[Result "0-1"]
[WhiteElo "1936"]
[BlackElo "2124"]
[PlyCount "64"]

1.e4 c5 2.c3 d5 3.exd5 Qxd5 4.d4 g6 5.Nf3 Bg7 6.Na3 Nf6 7.Bc4 Qe4+ 8.Qe2 Qxe2+
9.Bxe2 cxd4 10.Nxd4 a6 11.Bf3 e5 12.Nb3 O-O 13.O-O e4 14.Be2 b5 15.f3 Nbd7 16.
fxe4 Bb7 17.Bf3 Bxe4 18.Bxe4 Nxe4 19.Nc2 Rfe8 20.Bf4 Ndc5 21.Nxc5 Nxc5 22.Rad1
Na4 23.Rd7 Rad8 24.Ra7 f5 25.Bc1 Re2 26.Rf2 Rd1+ 27.Rf1 Rxf1+ 28.Kxf1 Rxc2 29.
Bg5 h6 30.Bf4 Nxb2 31.Rxa6 g5 32.Be3 Rxc3 0-1

[Event "Prebor mesta Vsetina 2018"]
[Site "?"]
[Date "2018.07.06"]
[Round "4.16"]
[White "Hurtak, Otto"]
[Black "Nytra, Ondrej"]
[Result "1-0"]
[WhiteElo "1958"]
[BlackElo "1845"]
[PlyCount "65"]
[EventDate "2018.??.??"]

1.d4 d5 2.c4 e6 3.Nc3 c6 4.cxd5 exd5 5.Nf3 Bd6 6.Bg5 Ne7 7.e3 O-O 8.Bd3 f6 9.
Bh4 Bf5 10.Bg3 Bg6 11.Qc2 Re8 12.O-O Bxg3 13.hxg3 Nd7 14.Rfe1 Bxd3 15.Qxd3 Nb6
16.Nd2 Qd7 17.Nb3 Qg4 18.Nc5 Rab8 19.Qe2 Qg6 20.Qd3 Nf5 21.Ne2 Nc4 22.Nf4 Qg4
23.e4 Nfd6 24.exd5 cxd5 25.Nxd5 Nxb2 26.Qb3 Nbc4 27.Ne3 Qxd4 28.Nd7 Kh8 29.
Nxc4 Nxc4 30.Nxb8 Rxb8 31.Rad1 Nd2 32.Qc2 Rd8 33.Rxd2 1-0

[Event "Prebor mesta Vsetina 2018"]
[Site "?"]
[Date "2018.07.06"]
[Round "4.17"]
[White "Peterka, Josef"]
[Black "Vantuch, Lucian"]
[Result "1/2-1/2"]
[WhiteElo "1820"]
[BlackElo "1954"]
[PlyCount "46"]
[EventDate "2018.??.??"]

1.d4 Nf6 2.e3 e6 3.Bd3 b6 4.c3 Bb7 5.Nf3 d6 6.Nbd2 Nbd7 7.b3 g6 8.Bb2 Bg7 9.
Qc2 Qe7 10.O-O O-O 11.Rfe1 c5 12.Rac1 a6 13.Qb1 b5 14.e4 Rac8 15.Qa1 Nh5 16.
Rcd1 Nf4 17.Bf1 e5 18.g3 Ne6 19.dxe5 dxe5 20.Nh4 f5 21.exf5 gxf5 22.Qb1 e4 23.
Bh3 Qg5 1/2-1/2

[Event "Prebor mesta Vsetina 2018"]
[Site "?"]
[Date "2018.07.06"]
[Round "4.18"]
[White "Yanjinlkham, Baiarsaikhan"]
[Black "Matus, Filip"]
[Result "1-0"]
[WhiteElo "1984"]
[BlackElo "1766"]
[PlyCount "69"]
[EventDate "2018.??.??"]

1.d4 d5 2.c4 e6 3.Nc3 Nf6 4.Bg5 Be7 5.Nf3 O-O 6.e3 Nbd7 7.cxd5 exd5 8.Qc2 c6
9.Bd3 Re8 10.O-O Nf8 11.Rab1 Bd6 12.h3 a6 13.b4 h6 14.Bf4 Ne6 15.Bxd6 Qxd6 16.
a4 Bd7 17.Ne5 Rec8 18.Qb2 b5 19.a5 Qe7 20.Rfc1 Ne8 21.e4 Nxd4 22.f4 Nf6 23.
Nxd7 Qxd7 24.Nxd5 cxd5 25.Qxd4 dxe4 26.Qxd7 Nxd7 27.Bxe4 Rab8 28.Bf5 Rxc1+ 29.
Rxc1 Nf6 30.Rc8+ Rxc8 31.Bxc8 Nd5 32.Bxa6 Nxb4 33.Bxb5 Nd5 34.a6 Nc7 35.a7 1-0

[Event "Prebor mesta Vsetina 2018"]
[Site "?"]
[Date "2018.07.06"]
[Round "4.19"]
[White "Foukal, Jiri"]
[Black "Vraj, Karel"]
[Result "0-1"]
[WhiteElo "1856"]
[BlackElo "1942"]
[PlyCount "92"]
[EventDate "2018.??.??"]

1.e4 c5 2.g3 d6 3.Bg2 g6 4.c3 Bg7 5.Ne2 Nc6 6.O-O e6 7.d4 cxd4 8.cxd4 Nge7 9.
Be3 O-O 10.Nbc3 a6 11.a3 b5 12.b4 Bb7 13.Qd2 Re8 14.f4 d5 15.e5 Nc8 16.Nc1 a5
17.Nd3 axb4 18.axb4 Nb6 19.Nc5 Nc4 20.Rxa8 Bxa8 21.Qe2 Bf8 22.Rb1 Bxc5 23.bxc5
Qa5 24.Nd1 Bb7 25.Bf2 Ba6 26.Bf1 Ra8 27.Be1 b4 28.Qf2 Qa3 29.g4 Bc8 30.h4 b3
31.Ne3 Qa2 32.Bd3 Qxf2+ 33.Bxf2 Nd2 34.Rb2 Nf3+ 35.Kg2 Nfxd4 36.Nd1 Ra2 37.
Bxd4 Nxd4 38.Kf2 Ra1 39.Bb1 Ba6 40.Ke3 Nc2+ 41.Kd2 Na3 42.Kc1 Bd3 43.Nc3 Nxb1
44.Nxb1 Bc2 45.c6 Ra6 46.Kd2 Rxc6 0-1

[Event "Prebor mesta Vsetina 2018"]
[Site "?"]
[Date "2018.07.06"]
[Round "4.20"]
[White "Zavodny, Jaroslav"]
[Black "Hrabovsky, Vladimir"]
[Result "1-0"]
[WhiteElo "1773"]
[BlackElo "1984"]
[PlyCount "49"]
[EventDate "2018.??.??"]

1.e4 c5 2.Nc3 Nc6 3.f4 d6 4.Nf3 g6 5.Bb5 Bg7 6.O-O e6 7.Bxc6+ bxc6 8.e5 d5 9.
d3 Ne7 10.Qe1 O-O 11.Na4 Rb8 12.Nxc5 Qb6 13.d4 Nf5 14.c3 h5 15.h3 Rd8 16.g4
hxg4 17.hxg4 Nh6 18.Qh4 Ba6 19.Rf2 Bf8 20.Nxa6 Qxa6 21.f5 Nxf5 22.gxf5 exf5
23.Bg5 Re8 24.Bf6 Bg7 25.Ng5 1-0

[Event "Prebor mesta Vsetina 2018"]
[Site "?"]
[Date "2018.07.06"]
[Round "4.21"]
[White "Brousek, Jiri"]
[Black "Gratze, Michael"]
[Result "0-1"]
[WhiteElo "1929"]
[BlackElo "1890"]
[PlyCount "94"]
[EventDate "2018.??.??"]

1.d4 Nf6 2.Nf3 g6 3.Nc3 d5 4.Bf4 c6 5.e3 Bg7 6.Be2 O-O 7.h3 b6 8.Ne5 Nfd7 9.
O-O f6 10.Nxd7 Nxd7 11.Bh2 e5 12.dxe5 Nxe5 13.a4 a5 14.Bxe5 fxe5 15.Bg4 Ba6
16.Be2 Bb7 17.Qd2 Qg5 18.Rad1 Rad8 19.e4 Qxd2 20.Rxd2 d4 21.Bc4+ Kh8 22.Ne2 c5
23.f3 Bh6 24.Rd3 Be3+ 25.Kh1 Bxe4 26.Ng3 Bxd3 27.cxd3 h5 28.Ne4 Kg7 29.g3 g5
30.Kg2 Rh8 31.b3 Rh6 32.Bb5 Rf8 33.Bc4 g4 34.h4 Rg6 35.Bb5 Kh6 36.Bd7 gxf3+
37.Rxf3 Rxf3 38.Kxf3 Rg7 39.Be6 Kg6 40.g4 hxg4+ 41.Kxg4 Kh6+ 42.Kf5 Bf4 43.Bc4
Kh5 44.Ke6 Kxh4 45.Nd6 Rg6+ 46.Kd7 Rxd6+ 47.Kxd6 e4+ 0-1

[Event "Prebor mesta Vsetina 2018"]
[Site "?"]
[Date "2018.07.07"]
[Round "5.2"]
[White "Vojta, Tomas"]
[Black "Havelka, Ondrej"]
[Result "1-0"]
[WhiteElo "2350"]
[BlackElo "2124"]
[PlyCount "57"]
[EventDate "2018.??.??"]

1.e4 e6 2.Qe2 Nc6 3.d3 Nd4 4.Qd1 c5 5.c3 Nc6 6.f4 f5 7.Nf3 d5 8.e5 Nh6 9.Na3
Be7 10.Nc2 Nf7 11.Be2 g5 12.fxg5 Ncxe5 13.Nxe5 Nxe5 14.d4 Nf7 15.Bh5 O-O 16.g6
Ng5 17.Bf4 Ne4 18.Qf3 Bg5 19.gxh7+ Kxh7 20.O-O b6 21.Qh3 Ba6 22.Be2+ Kg7 23.
Bxa6 Rh8 24.Qe3 c4 25.b3 Qe8 26.Bxg5 Rxh2 27.Bf4 Rh7 28.Be5+ Kg8 29.Rf3 1-0

[Event "Prebor mesta Vsetina 2018"]
[Site "?"]
[Date "2018.07.07"]
[Round "5.4"]
[White "Koziol, Kamil"]
[Black "Belunek, Vladimir"]
[Result "1-0"]
[WhiteElo "2257"]
[BlackElo "2212"]
[PlyCount "53"]
[EventDate "2018.??.??"]

1.d4 Nf6 2.c4 c5 3.d5 e6 4.Nc3 exd5 5.cxd5 d6 6.e4 g6 7.Bd3 Bg7 8.Nf3 O-O 9.
O-O Bg4 10.h3 Bxf3 11.Qxf3 Nbd7 12.Bf4 Ne8 13.Qg3 Ne5 14.Bc2 a6 15.Bg5 Bf6 16.
Bxf6 Nxf6 17.f4 Nc4 18.b3 Na3 19.Rac1 b5 20.e5 b4 21.Ne4 Nxe4 22.Bxe4 f5 23.
Bd3 Nb5 24.Bxb5 axb5 25.Rf2 Rf7 26.Qd3 Qb6 27.Qe2 {Dale
necitelny zapis.} 1-0

[Event "Prebor mesta Vsetina 2018"]
[Site "?"]
[Date "2018.07.07"]
[Round "5.5"]
[White "Mica, Marek"]
[Black "Frank, Adam"]
[Result "1-0"]
[WhiteElo "2180"]
[BlackElo "1984"]
[PlyCount "61"]
[EventDate "2018.??.??"]

1.Nf3 f5 2.c4 Nf6 3.g3 g6 4.b4 Bg7 5.Bb2 O-O 6.Bg2 d6 7.d4 Qe8 8.O-O Nbd7 9.d5
Nb6 10.Nbd2 e5 11.dxe6 Bxe6 12.Rc1 Kh8 13.Nd4 c6 14.Nxe6 Qxe6 15.e3 Rad8 16.
Qb3 Ne4 17.Bxg7+ Kxg7 18.Rfd1 Nd7 19.Nxe4 fxe4 20.Rd4 Nf6 21.Qb2 Qe5 22.Rc2
Kh6 23.Rcd2 Rd7 24.Rxe4 Nxe4 25.Qxe5 Nxd2 26.Qe6 Rdf7 27.Qh3+ Kg7 28.Qg4 Kg8
29.Qe2 Nb1 30.Qb2 d5 31.cxd5 1-0

[Event "Prebor mesta Vsetina 2018"]
[Site "?"]
[Date "2018.07.07"]
[Round "5.6"]
[White "Kovarik, Matyas"]
[Black "Mulenko, Alexander"]
[Result "1/2-1/2"]
[WhiteElo "1860"]
[BlackElo "2109"]
[PlyCount "91"]

1.e4 Nf6 2.Nc3 d5 3.exd5 Nxd5 4.Bc4 c6 5.d4 Be6 6.Nxd5 Bxd5 7.Bxd5 Qxd5 8.Nf3
e6 9.O-O Be7 10.Bf4 Nd7 11.c3 O-O 12.Ne5 Nxe5 13.Bxe5 c5 14.Re1 f6 15.Bf4 cxd4
16.Qxd4 Qxd4 17.cxd4 Kf7 18.Rac1 Rac8 19.Kf1 Rfd8 20.Rxc8 Rxc8 21.Rc1 Rxc1+
22.Bxc1 Ke8 23.Ke2 Kd7 24.Kd3 Kc6 25.Ke4 f5+ 26.Kd3 Kd5 27.f4 Bh4 28.Be3 a6
29.Bg1 Bd8 30.Be3 Bc7 31.h4 h5 32.b4 b5 33.g3 a5 34.a3 Bb6 35.Bf2 a4 36.Be3
Ba7 37.Bf2 Bb8 38.Be3 Bd6 39.Bd2 Be7 40.Be1 g6 41.Bd2 Bf6 42.Be3 Bg7 43.Bf2
Bf8 44.Be1 Be7 45.Bd2 Bd6 46.Be1 1/2-1/2

[Event "Prebor mesta Vsetina 2018"]
[Site "?"]
[Date "2018.07.07"]
[Round "5.7"]
[White "Gnojek, Petr"]
[Black "Zvolensky, David"]
[Result "1/2-1/2"]
[WhiteElo "1962"]
[BlackElo "2040"]
[PlyCount "94"]

1.d4 d5 2.Nf3 Nf6 3.c4 e6 4.Nc3 Be7 5.Bg5 Nbd7 6.cxd5 exd5 7.e3 h6 8.Bh4 O-O
9.Bd3 c6 10.O-O Ne4 11.Bxe7 Qxe7 12.Qc2 Ndf6 13.Ne5 Nd6 14.h3 c5 15.dxc5 Qxe5
16.cxd6 Qxd6 17.Rfd1 Be6 18.Nb5 Qb6 19.Nd4 Bd7 20.Rac1 Rac8 21.Qb3 Qxb3 22.
Nxb3 Ba4 23.Rxc8 Rxc8 24.Rc1 Rxc1+ 25.Nxc1 Kf8 26.Ne2 Nd7 27.Nc3 Nc5 28.Bb5
Bxb5 29.Nxb5 a6 30.Nc3 Nd3 31.b3 Nc1 32.Kf1 Ke7 33.Nxd5+ Kd6 34.Nc3 b5 35.Ke1
Nd3+ 36.Ke2 Nc5 37.b4 Nd7 38.f4 f5 39.Kd3 g5 40.g3 Nf6 41.e4 Nh5 42.exf5 gxf4
43.g4 Ng3 44.Ne4+ Ke5 45.Nxg3 fxg3 46.Ke3 h5 47.Kf3 h4 1/2-1/2

[Event "Prebor mesta Vsetina 2018"]
[Site "?"]
[Date "2018.07.07"]
[Round "5.8"]
[White "Mostek, Jan"]
[Black "Laurincova, Kristyna"]
[Result "1/2-1/2"]
[WhiteElo "1810"]
[BlackElo "1944"]
[PlyCount "79"]
[EventDate "2018.??.??"]

1.d4 Nf6 2.Bf4 c5 3.e3 g6 4.c3 Nc6 5.Be2 b6 6.Nf3 Bg7 7.O-O O-O 8.h3 d5 9.Nbd2
Re8 10.Ne5 Nxe5 11.Bxe5 Bb7 12.Bb5 Rf8 13.Rc1 a6 14.Be2 Nd7 15.Bxg7 Kxg7 16.
Nf3 Qc7 17.c4 dxc4 18.dxc5 Nxc5 19.Qd4+ Kg8 20.Qxc4 Rac8 21.Qh4 Bxf3 22.Bxf3
Qe5 23.b4 Nd3 24.Rc4 Qb5 25.Rxc8 Rxc8 26.Qxe7 Qxb4 27.Qd7 Qc3 28.Bb7 Rc7 29.
Qd8+ Kg7 30.Bxa6 Nb4 31.Be2 Nxa2 32.Rd1 Qc5 33.Qd4+ Qxd4 34.Rxd4 Nc3 35.Bf1 b5
36.Rb4 Kf6 37.Bxb5 Rb7 38.Rf4+ Ke5 39.Bd3 Rd7 40.Rd4 1/2-1/2

[Event "Prebor mesta Vsetina 2018"]
[Site "?"]
[Date "2018.07.07"]
[Round "5.9"]
[White "Matejovsky, Ondrej"]
[Black "Horak, Martin"]
[Result "1/2-1/2"]
[WhiteElo "2028"]
[BlackElo "2284"]
[PlyCount "106"]
[EventDate "2018.??.??"]

1.e4 d6 2.d4 Nf6 3.Nc3 g6 4.Bg5 c6 5.e5 Nd5 6.Nxd5 cxd5 7.Nf3 Nc6 8.Qd2 Bg4 9.
exd6 Bxf3 10.gxf3 Qxd6 11.Bf4 Qe6+ 12.Be3 Bg7 13.O-O-O h5 14.h4 Qd7 15.Kb1 e6
16.c3 Rc8 17.Bd3 Na5 18.Bg5 Nc4 19.Bxc4 Rxc4 20.Rde1 b5 21.Qf4 Qc7 22.Qxc7
Rxc7 23.Bf4 Rc6 24.Be5 Bxe5 25.Rxe5 Kd7 26.a3 a5 27.Kc2 Rhc8 28.Ra1 Rc4 29.Kd3
Kd6 30.Ree1 Ke7 31.Re5 Kf6 32.Ra2 b4 33.axb4 axb4 34.Ra4 bxc3 35.Rxc4 Rxc4 36.
bxc3 Ra4 37.Re1 Ra2 38.Rf1 Kf5 39.Ke3 Rc2 40.Kd3 Ra2 41.Ke3 f6 42.f4 Ra3 43.
Rc1 Rb3 44.Kf3 e5 45.fxe5 fxe5 46.Ke3 e4 47.f3 exf3 48.Kxf3 Ra3 49.Rc2 g5 50.
hxg5 Kxg5 51.Kg3 Rb3 52.Kh2 Kf4 53.c4 dxc4 1/2-1/2

[Event "Prebor mesta Vsetina 2018"]
[Site "?"]
[Date "2018.07.07"]
[Round "5.10"]
[White "Weinzettl, Ernst"]
[Black "Vraj, Ondrej"]
[Result "1-0"]
[WhiteElo "2213"]
[BlackElo "1891"]
[PlyCount "41"]
[EventDate "2018.??.??"]

1.e4 c6 2.d4 d5 3.e5 Bf5 4.h4 h5 5.Bd3 Bxd3 6.Qxd3 e6 7.Bg5 Qb6 8.Nd2 c5 9.c4
Nc6 10.Ngf3 Be7 11.O-O Nh6 12.Bxe7 Nxe7 13.cxd5 Nxd5 14.Nc4 Qc6 15.Nd6+ Ke7
16.Rac1 Ng4 17.Rxc5 Qd7 18.Rfc1 b6 19.R5c4 Rab8 20.Qa3 Rhf8 21.Nf5+ 1-0

[Event "Prebor mesta Vsetina 2018"]
[Site "?"]
[Date "2018.07.07"]
[Round "5.11"]
[White "Vojta, Jakub"]
[Black "Kersten, Julian"]
[Result "0-1"]
[WhiteElo "2124"]
[BlackElo "1979"]
[PlyCount "66"]
[EventDate "2018.??.??"]

1.e4 e6 2.d4 d5 3.Nc3 Nf6 4.Bg5 Be7 5.e5 Nfd7 6.h4 a6 7.Qg4 f6 8.exf6 Nxf6 9.
Qe2 O-O 10.f4 c5 11.O-O-O c4 12.Bxf6 Rxf6 13.Qe3 Bd6 14.g3 b5 15.Bg2 Ra7 16.
Nf3 Qa5 17.Kb1 b4 18.Ne2 Rb7 19.Nc1 Nd7 20.Ne5 Nb6 21.Rdf1 Na4 22.g4 Nc3+ 23.
bxc3 bxc3+ 24.Nb3 cxb3 25.axb3 Ba3 26.Nd3 Bd7 27.g5 Rf8 28.f5 exf5 29.Qe5 Rb5
30.Nc5 Rxc5 31.dxc5 Bb2 32.Qxd5+ Kh8 33.Qxd7 Qa1# 0-1

[Event "Prebor mesta Vsetina 2018"]
[Site "?"]
[Date "2018.07.07"]
[Round "5.12"]
[White "Pycha, Patrik"]
[Black "Jin, Yueheng"]
[Result "1/2-1/2"]
[WhiteElo "2097"]
[BlackElo "1713"]
[PlyCount "93"]
[EventDate "2018.??.??"]

1.e4 c6 2.d4 d5 3.f3 g6 4.Nc3 Bg7 5.Be3 e6 6.Qd2 Ne7 7.O-O-O b6 8.Bh6 Bxh6 9.
Qxh6 Ng8 10.Qe3 Ne7 11.h4 h5 12.Nh3 Ba6 13.Bxa6 Nxa6 14.Ng5 Qd6 15.g4 Nc7 16.
e5 Qd7 17.Ne2 Ng8 18.Ng3 O-O-O 19.gxh5 gxh5 20.f4 Ne8 21.f5 exf5 22.e6 fxe6
23.Nxe6 f4 24.Nxf4 Nef6 25.Ng6 Rh7 26.Ne5 Qd6 27.Nf5 Qe6 28.Rdf1 Ne7 29.Qh3
Ne4 30.Nxe7+ Rxe7 31.Nxc6 Qxh3 32.Nxe7+ Kd7 33.Rxh3 Kxe7 34.Ra3 a5 35.Re3 Ke6
36.Rf4 Rg8 37.Rfxe4+ dxe4 38.Rxe4+ Kd5 39.Rf4 Kc4 40.Kd2 Rg2+ 41.Kd1 Rg1+ 42.
Ke2 Rg2+ 43.Rf2 Rg4 44.Rh2 Kxd4 45.Kf3 Kc4 46.Ke3 b5 47.Kf3 1/2-1/2